Géographie difficile commençant par la lettre E - Statistiques

Statistiques générales
  • Ce quiz a été pris 30 fois
  • Le résultat moyen est 5 sur 20
Statistiques - réponses
Hint Réponse % Correct
Cinquième ville la plus peuplée des Pays-Bas, célèbre pour son club de football Eindhoven
78%
Région marécageuse subtropicale située en Floride Everglades
78%
Capitale de l'Alberta Edmonton
74%
Fleuve prenant sa source à Fontibre, il est le plus long fleuve uniquement présent en Espagne Èbre
70%
Fleuve du nord de la France, il passe notamment par Valenciennes et Cambrai Escaut
44%
Cette ville, autrefois appelée Mogador, porte un nom signifiant "la bien dessinée". Sa médina est inscrite au patrimoine mondial de l'Unesco. Essaouira
44%
Prénom de l'île constituant une province canadienne dont Charlottetown est la capitale Edouard
37%
Montagne ayant pour nom indigène Chomolungma Everest
30%
Ville ayant accueilli le congrès fondateur du Parti Socialiste Épinay-sur-Seine
19%
Île située dans l'Arctique canadien, connue pour ses paysages glaciaires Ellesmere
11%
Ville polonaise où s'est déroulée une célèbre bataille, actuellement connue sous le nom de Iława Eylau
11%
Ville du nord-ouest de la Turquie, elle est la 20ᵉ ville la plus peuplée du pays Erzurum
7%
Volcan islandais célèbre pour son éruption en 2010 Eyjafjöll
7%
Plus grand lac salé d'Australie et d'Océanie Eyre
7%
Nature du site rupestre de Lalibela, en Ethiopie Églises
4%
Volcan en activité le plus austral du monde, il est en éruption constante depuis 1972 Erebus
4%
Île de l'est de l'achipel des Svalbard, troisième plus grande (5 074 km²) Edgeøya
0%
Unique localité de l'île Tristan Da Cunha Édimbourg-des-Sept-Mers
0%
Montagne sacrée en Chine, l'une des quatre montagnes sacrées du bouddhisme Emei Shan
0%
Fleuve écossais séparé en une partie nord et une partie sud Esk
0%
Aucun quiz correspondant
Distribution des résultats
% des personnes avec chaque résultat
Percentile par nombre de réponses
Votre historique - résultats
Vous n’avez pas pris ce quiz